| 000 | 00522nam a2200181Ia 4500 | ||
|---|---|---|---|
| 008 | 240925s9999 xx 000 0 und d | ||
| 020 | _a139737448 | ||
| 082 | _a004.62 STA | ||
| 100 | _aStallings, William | ||
| 245 | 0 | _aISDN and Broadband ISDN with Frame Relay and ATM | |
| 250 | _a4th | ||
| 260 |
_aNew Jersey: _bPrintice- Hall Int. _c,1999. |
||
| 300 |
_axiii,877p. _bNA _fOriginal |
||
| 500 | _aIncludes Index | ||
| 600 | _aComputer Science | ||
| 650 | _aComputer science, information & general works | ||
| 942 | _cBK | ||
| 999 |
_c6064 _d6064 |
||